Revolución tecnológica e inclusión social : (Record no. 210717)

MARC details
000 -CABECERA
campo de control de longitud fija 00969nam a22002417a 4500
005 - FECHA Y HORA DE LA ÚLTIMA TRANSACCIÓN
campo de control 20240108112143.0
007 - CAMPO FIJO DE DESCRIPCIÓN FÍSICA--INFORMACIÓN GENERAL
campo de control de longitud fija cr |||aaa|||||
008 - ELEMENTOS DE LONGITUD FIJA--INFORMACIÓN GENERAL
campo de control de longitud fija 240108s2020 cl| |||fo|||| 000 0 spa d
040 ## - FUENTE DE LA CATALOGACIÓN
Centro catalogador/agencia de origen MX-MxUPN
Lengua de catalogación spa
050 #4 - SIGNATURA TOPOGRÁFICA DE LA BIBLIOTECA DEL CONGRESO
Número de clasificación HM846
100 1# - ASIENTO PRINCIPAL--NOMBRE PERSONAL
9 (RLIN) 50735
Nombre de persona Martínez, Rodrigo
100 1# - ASIENTO PRINCIPAL--NOMBRE PERSONAL
9 (RLIN) 50694
Nombre de persona Palma, Amalia
100 1# - ASIENTO PRINCIPAL--NOMBRE PERSONAL
9 (RLIN) 50737
Nombre de persona Velásquez, Adriana
245 10 - MENCIÓN DE TÍTULO
Título Revolución tecnológica e inclusión social :
Resto del título reflexiones sobre desafíos y oportunidades para la política social en América Latina
Medio [recurso electrónico en línea]
260 ## - PUBLICACIÓN, DISTRIBUCIÓN, ETC.
Lugar de publicación, distribución, etc. Santiago :
Nombre del editor, distribuidor, etc. Comisión Económica para América Latina y el Caribe,
Fecha de publicación, distribución, etc. 2020
300 ## - DESCRIPCIÓN FÍSICA
Extensión 1 recurso en línea (85 páginas) :
Otras características físicas PDF
490 0# - MENCIÓN DE SERIE
Mención de serie Serie políticas sociales ;
Designación de volumen o secuencia 233
506 ## - NOTA DE RESTRICCIONES AL ACCESO
Limitaciones de acceso Acceso abierto.
650 #4 - ASIENTO SECUNDARIO DE MATERIA - TERMINO TEMATICO
9 (RLIN) 50738
Término de materia o nombre geográfico como elemento de entrada Innovaciones tecnológicas
Subdivisión general Aspectos sociales
Subdivisión geográfica América Latina
856 40 - LOCALIZACIÓN Y ACCESO ELECTRÓNICOS
Identificador Uniforme del Recurso <a href="https://hdl.handle.net/11362/45901">https://hdl.handle.net/11362/45901</a>
902 ## - ELEMENTOS DE DATOS B LOCAL, LDB (RLIN)
Creó VíctorGodínez/080124
942 ## - ELEMENTOS DE PUNTO DE ACCESO ADICIONAL (KOHA)
Fuente del sistema de clasificación o colocación Library of Congress Classification
Tipo de ítem Koha Libro Electrónico
Holdings
Estado de retiro Estado de pérdida Fuente del sistema de clasificación o colocación Estado dañado No para préstamo Código de colección Localización permanente Ubicación/localización actual Ubicación en estantería Fecha de adquisición Clasificación Fecha visto por última vez Identificador Uniforme del Recurso Precio válido a partir de Tipo de ítem Koha
    Library of Congress Classification     Acceso abierto Bib. Gregorio Torres Quintero Bib. Gregorio Torres Quintero En línea 08/01/2024 HM846 08/01/2024 https://hdl.handle.net/11362/45901 08/01/2024 Libro Electrónico